000 00501nam a22001817a 4500
003 OSt
005 20180116183052.0
008 160830b xxu||||| |||| 00| 0 eng d
022 _20
040 _c0
082 _a151.5 HEL 1964
100 _aHelmstadter ,G.C
245 _aPrinciples of Psychological Measurement
_cG.C.Helmstadter
260 _aNew York
_bAppleton-Century-Crofts
_c1964
300 _a248 p.
_bPhoto copy
440 _aPrinciples of Psychological Measurement
942 _2ddc
_cBK
999 _c351664
_d351664